| 000 | 00634nam a2200229Ia 4500 | ||
|---|---|---|---|
| 003 | OSt | ||
| 005 | 20250716173822.0 | ||
| 008 | 210423s2005 xx 000 0 und d | ||
| 040 | _c AL | ||
| 041 | _aeng | ||
| 082 |
_a070.415 _bBLOI |
||
| 100 |
_aLouis Alexander _930230 |
||
| 245 |
_aBeyond the facts _b: a guide to the art of feature writing |
||
| 250 | _a2 | ||
| 260 |
_aNew Delhi _bSurjeeth Publications _c2005 |
||
| 300 |
_aviii,320p. _bPB _c20.5x14cm. |
||
| 365 |
_b160 _cINR |
||
| 650 |
_aEditing _930231 |
||
| 650 |
_aJournalism _930232 |
||
| 906 | _aart ; Beyond ; facts: ; feature ; guide ; writing | ||
| 942 |
_2ddc _cBK |
||
| 999 |
_c155471 _d155471 |
||